Ładuje się......

Swaira viharam /

Opis bibliograficzny
1. autor: Warrior,P A
Format: Printed Book
Język:Malayalam
Wydane: 1983.
LEADER 00328nam a2200109Ia 4500
008 121027s9999 xx 000 0 mal d
100 |a Warrior,P A 
245 |a Swaira viharam /  |c P.A.Warrior. 
260 |c 1983. 
942 |c BK 
999 |c 65269  |d 65269 
952 |0 1  |1 0  |4 1  |6 M  |7 0  |9 65246  |a UL  |b UL  |c ST1  |d 2012-10-27  |l 0  |o M   |p G4140  |r 2012-10-27  |w 2012-10-27  |y BK